Brokenness : (Record no. 12011)

MARC details
000 -LEADER
fixed length control field 00666nam a22002172 4500
001 - CONTROL NUMBER
control field 0000008928
005 - DATE AND TIME OF LATEST TRANSACTION
control field 20151217155216.0
008 - FIXED-LENGTH DATA ELEMENTS--GENERAL INFORMATION
fixed length control field 080619s xx 000 0 eng d
020 ## - INTERNATIONAL STANDARD BOOK NUMBER
International Standard Book Number 0802412785 :
Terms of availability KES 690
040 ## - CATALOGING SOURCE
Original cataloging agency KABU
Transcribing agency KABU
100 1# - MAIN ENTRY--PERSONAL NAME
Personal name DeMoss, Nancy Leigh.
-- 0000159730
245 10 - TITLE STATEMENT
Title Brokenness :
Remainder of title the heart God revives /
Statement of responsibility, etc. Nancy Leigh DeMoss.
260 ## - PUBLICATION, DISTRIBUTION, ETC. (IMPRINT)
Place of publication, distribution, etc. Chicago :
Name of publisher, distributor, etc. Moody,
Date of publication, distribution, etc. 2002.
300 ## - PHYSICAL DESCRIPTION
Extent 158 p.
650 #0 - SUBJECT ADDED ENTRY--TOPICAL TERM
Topical term or geographic name as entry element Humility
General subdivision Religious aspects
-- Christianity.
-- 0000159731
650 #0 - SUBJECT ADDED ENTRY--TOPICAL TERM
Topical term or geographic name as entry element Christian life.
-- 0000149167
650 #0 - SUBJECT ADDED ENTRY--TOPICAL TERM
Topical term or geographic name as entry element Revivals.
-- 0000159732
908 ## - PUT COMMAND PARAMETER (RLIN)
Put command parameter 080619
950 ## - LOCAL HOLDINGS (RLIN)
-- 1
Holdings
Withdrawn status Lost status Source of classification or shelving scheme Not for loan Home library Current library Date acquired Total Checkouts Full call number Barcode Date last seen Price effective from Koha item type
    Library of Congress Classification   Kabarak, Main Campus Kabarak, Main Campus 17/12/2015   BV4647 .H8D46 c. 1 012321 17/12/2015 17/12/2015 General Collection
Designed with assistance from East African Informatics Ltd